000 00916nam a2200241 i 4500
001 75411
003 ES-MaACL
005 20250901031405.0
007 t|
008 040924s1911 fr ||||1| fre d
100 1 _aGraslin, Jean-Joseph-Louis,
_d1727-1790
_9150952
245 1 0 _aEssai analytique sur la richesse et sur l'impôt, 1767 /
_cJ.J.Louis Graslin ; pub. avec introduction et table analytique par A. Dubois ...
260 _aParis :
_bP. Geuthner,
_c1911.
300 _aXXX, 216 p. ;
_c22 cm.
490 1 _aCollection des économistes et des réformateurs sociaux de la France
650 0 7 _aEconomía
_2embne
_912006
650 0 7 _aImpuestos
_2embne
_913633
700 1 _aDubois, Auguste,
_d1866-1935
_945760
830 0 0 _aCollection des économistes et des réformateurs sociaux de la France
_9181595
852 _aES-MaACL
_jF-4423
852 _aES-MaACL
_jG-5163
999 _c75411
_d75411